zpět

Detail výsledku týmu

Pivovar Prokopák, Praha

Datum a čas kvízu

36 Celkem bodů Celkový počet nahraných bodů na tomto kvízu bez doplňovacích otázek.
2. Pořadí na kvízu Konečné umístění týmu na tomto kvízu.

Zaznamenané odpovědi

# Otázka Odpověď Body Výsledky
1. Ve středu ve 12 hodin jsme se... zkouška sirén 1
2. Pouze pět států na středečním... Severní Korea (KLDR) 0
3. Kolik sošek Českého lva získal... osm ocenění (sedm či devět za půl bodu) 0
4. Jak se jmenuje muž na fotograf... Tomáš Čupr 1
5. V hokejové soutěži AHL 21letý... je to brankář (gól vstřelil přes celé kluziště) 1
6. Detektiv Sherlock Holmes z per... D 1
7. Detektivce Chloe Deckerové sto... Lucifer 1
8. Americký spisovatel Jeffery De... A) je ochrnutý 1
9. Přiřaďte následující spisovate... 1D 2A 3C 4B 0
10. Seriál Devadesátky se setkal s... C) Ivan Pauřík 1